[Event "Szachowe Lato Poznan 2011 "]
[Site "WSUS, Poznan"]
[Date "2011.??.??"]
[Round "1.1"]
[White "Moranda, Wojciech"]
[Black "Hoffmann, Piotr"]
[Result "1-0"]
[WhiteElo "2586"]
[BlackElo "1771"]
[PlyCount "60"]
[EventDate "2011.??.??"]

1. d4 Nf6 2. c4 e5 3. dxe5 Ne4 4. a3 b6 5. Nf3 Bb7 6. e3 a5 7. Nbd2 Bc5 8. Nxe4
Bxe4 9. Bd3 Bg6 10. b3 Qe7 11. Bb2 Nc6 12. Bxg6 hxg6 13. Qd5 Rd8 14. Ke2 Nb8
15. h4 c6 16. Qe4 d5 17. cxd5 cxd5 18. Qa4+ Kf8 19. Rad1 Qb7 20. Qb5 Na6 21.
Bd4 Bxa3 22. Qxb6 Qxb6 23. Bxb6 Rb8 24. Rxd5 Ke7 25. Rxa5 Rxb6 26. Rxa3 Nb4 27.
Ra7+ Ke6 28. Ng5+ Kf5 29. Rxf7+ Kxe5 30. Rd1 Rxh4 1-0

[Event "Szachowe Lato Poznan 2011 "]
[Site "WSUS, Poznan"]
[Date "2011.??.??"]
[Round "1.3"]
[White "Szelag, Marcin"]
[Black "Zak, Pawel"]
[Result "1-0"]
[WhiteElo "2478"]
[BlackElo "1743"]
[PlyCount "43"]
[EventDate "2011.??.??"]

1. e4 c5 2. Nf3 d6 3. d4 cxd4 4. Nxd4 Nf6 5. Nc3 g6 6. Be3 Nc6 7. f3 Bd7 8. Qd2
Rc8 9. O-O-O Bg7 10. Kb1 O-O 11. g4 Ne5 12. h4 Nc4 13. Bxc4 Rxc4 14. h5 Qc7 15.
Nde2 b5 16. hxg6 fxg6 17. e5 Ne8 18. Nd5 Qd8 19. Bg5 Rf7 20. exd6 Qb8 21. Nxe7+
Rxe7 22. Bxe7 1-0

[Event "Szachowe Lato Poznan 2011 "]
[Site "WSUS, Poznan"]
[Date "2011.??.??"]
[Round "1.4"]
[White "Palasz, Krzysztof"]
[Black "Shishkin, Vadim"]
[Result "1-0"]
[WhiteElo "1734"]
[BlackElo "2457"]
[PlyCount "125"]
[EventDate "2011.??.??"]

1. d4 g6 2. c4 Bg7 3. Nc3 Nf6 4. e4 O-O 5. Nf3 c6 6. d5 cxd5 7. exd5 e5 8. Bg5
h6 9. Bxf6 Qxf6 10. Rb1 d6 11. Bd3 Bg4 12. Be4 Na6 13. h3 Bf5 14. Nd2 Nc5 15.
O-O Rfd8 16. b4 Nxe4 17. Ndxe4 Bxe4 18. Nxe4 Qh4 19. Qg4 Qe7 20. Nd2 Kh7 21.
Rfd1 f5 22. Qe2 Rac8 23. Nb3 Qf7 24. Na5 Rd7 25. Qe3 a6 26. a4 e4 27. Rbc1 Re8
28. Qb3 e3 29. fxe3 Rde7 30. c5 Rxe3 31. Qc4 R3e4 32. Qb3 Bd4+ 33. Rxd4 Rxd4
34. cxd6 Kg8 35. Rc7 Re1+ 36. Kh2 Qxd5 37. d7 Qxb3 38. Nxb3 Rd3 39. Rc8+ Kf7
40. d8=Q Rxd8 41. Rxd8 Rb1 42. Nc5 Rxb4 43. Rd7+ Kg8 44. Rxb7 Rc4 45. Rc7 a5
46. Ne6 Rxa4 47. Rg7+ Kh8 48. Rxg6 Kh7 49. Rg7+ Kh8 50. Ra7 Ra2 51. Kg3 a4 52.
Nd4 f4+ 53. Kf3 Kg8 54. Ne2 Kf8 55. Nxf4 a3 56. Kg4 Ke8 57. g3 Kd8 58. Kh5 Kc8
59. Ra4 Kb7 60. g4 Kb6 61. g5 Kb5 62. Ra8 Kb4 63. g6 1-0

[Event "Szachowe Lato Poznan 2011 "]
[Site "WSUS, Poznan"]
[Date "2011.??.??"]
[Round "1.6"]
[White "Pawlicki, Dariusz"]
[Black "Chojnacki, Krzysztof"]
[Result "0-1"]
[WhiteElo "1703"]
[BlackElo "2437"]
[PlyCount "86"]
[EventDate "2011.??.??"]

1. d4 Nf6 2. c4 g6 3. Nc3 Bg7 4. Nf3 O-O 5. e3 d6 6. Be2 Nbd7 7. O-O e5 8. dxe5
dxe5 9. Qc2 c6 10. b3 Qe7 11. Rd1 e4 12. Ne1 Re8 13. Bb2 Nc5 14. Rd2 Bf5 15.
Rad1 Ng4 16. g3 Ne5 17. Ba3 Nf3+ 18. Nxf3 exf3 19. Bd3 Bxd3 20. Rxd3 Qe6 21. e4
Nxd3 22. Rxd3 Bxc3 23. Qxc3 Qxe4 24. Rxf3 Qe1+ 25. Kg2 Qxc3 26. Rxc3 Re2 27.
Bc5 Rxa2 28. Rd3 b6 29. Be3 Rb2 30. h4 h5 31. Kf3 b5 32. cxb5 cxb5 33. Bc5 a5
34. Kf4 a4 35. bxa4 bxa4 36. Bd4 Rb4 37. Ke3 Rd8 38. Bc3 Rxd3+ 39. Kxd3 Rb7 40.
Kc2 a3 41. f3 a2 42. Bb2 f5 43. f4 Kf7 0-1

[Event "Szachowe Lato Poznan 2011 "]
[Site "WSUS, Poznan"]
[Date "2011.??.??"]
[Round "1.7"]
[White "Sliwerski, Radoslaw"]
[Black "Kupsik, Joanna"]
[Result "1-0"]
[WhiteElo "2174"]
[BlackElo "1696"]
[PlyCount "82"]
[EventDate "2011.??.??"]

1. d4 d5 2. c4 e6 3. Nc3 Nf6 4. cxd5 Nxd5 5. e4 Nxc3 6. bxc3 Be7 7. Nf3 c5 8.
Bd3 cxd4 9. cxd4 O-O 10. O-O Nc6 11. Bb2 Bd7 12. Rc1 Rc8 13. Bb1 Qb6 14. Qd2
Rfd8 15. Rfd1 h6 16. d5 Nb4 17. Rxc8 Bxc8 18. a3 Na6 19. Qc2 Qc7 20. Qa4 Qf4
21. Be5 Qg4 22. d6 Bf8 23. Bg3 Bd7 24. Qa5 Rc8 25. h3 Qg6 26. Ne5 Qg5 27. Qe1
Ba4 28. f4 Qd8 29. Rd4 Qb6 30. Bf2 Qb2 31. d7 Rc1 32. d8=Q Rxe1+ 33. Bxe1 Qxb1
34. Rxa4 Qxe1+ 35. Kh2 Qf2 36. Nd3 Qd2 37. Rc4 Qe3 38. Rc8 Qxe4 39. Qxf8+ Kh7
40. Qh8+ Kg6 41. Ne5+ Kh5 1-0

[Event "Szachowe Lato Poznan 2011 "]
[Site "WSUS, Poznan"]
[Date "2011.??.16"]
[Round "1.8"]
[White "Szczepaniak, Artur"]
[Black "Bernat, Marcin"]
[Result "0-1"]
[WhiteElo "1654"]
[BlackElo "2138"]
[PlyCount "42"]
[EventDate "2011.??.??"]

1. e4 e6 2. d4 d5 3. Nc3 Nf6 4. e5 Nfd7 5. Nf3 c5 6. Bf4 a6 7. Be2 Nc6 8. O-O
cxd4 9. Nxd4 Ncxe5 10. Re1 Be7 11. Bh5 Ng6 12. Nxe6 fxe6 13. Rxe6 Nf6 14. Rxf6
Bxf6 15. Qe2+ Kf7 16. Rd1 Re8 17. Qf3 Be6 18. h3 Qa5 19. g4 Kg8 20. Bg3 Bxc3
21. bxc3 Rac8 0-1

[Event "Szachowe Lato Poznan 2011 "]
[Site "WSUS, Poznan"]
[Date "2011.??.16"]
[Round "1.9"]
[White "Bartkowiak, Damian"]
[Black "Kaczmarczyk, Pawel"]
[Result "1/2-1/2"]
[WhiteElo "2123"]
[BlackElo "1635"]
[PlyCount "96"]
[EventDate "2011.??.??"]

1. d4 d5 2. Nf3 Nf6 3. c4 dxc4 4. e3 e6 5. Bxc4 a6 6. a4 c5 7. O-O Be7 8. dxc5
Qxd1 9. Rxd1 Bxc5 10. b3 O-O 11. Bb2 Be7 12. Be2 Nc6 13. Nbd2 Rd8 14. Nc4 Bd7
15. Nb6 Ra7 16. Ne5 Be8 17. Bf3 Kf8 18. Rac1 Rxd1+ 19. Rxd1 Bc5 20. Ned7+ Nxd7
21. Nxd7+ Bxd7 22. Rxd7 Na5 23. Rc7 Bd6 24. Rc8+ Ke7 25. Bxg7 Nxb3 26. g4 Nc5
27. Bd4 b6 28. a5 Rc7 29. Rxc7+ Bxc7 30. Be2 Kd6 31. axb6 Bxb6 32. Bxa6 e5 33.
Bxc5+ Bxc5 34. g5 Ke6 35. Bc8+ Ke7 36. Bf5 Kf8 37. Bxh7 Be7 38. h4 f6 39. g6 f5
40. h5 Kg7 41. Kg2 Kh6 42. Kf3 Bf6 43. e4 fxe4+ 44. Kg4 Kg7 45. Kf5 Bh4 46. Ke6
Bg5 47. Kf5 Bh4 48. Kxe5 Bxf2 1/2-1/2

[Event "Szachowe Lato Poznan 2011 "]
[Site "WSUS, Poznan"]
[Date "2011.??.16"]
[Round "1.10"]
[White "Wittig, Zenon"]
[Black "Kaluzny, Wlodzimierz"]
[Result "1/2-1/2"]
[WhiteElo "1631"]
[BlackElo "2114"]
[PlyCount "72"]
[EventDate "2011.??.??"]

1. e4 e6 2. d4 d5 3. Nd2 dxe4 4. Nxe4 Nd7 5. Nf3 Ngf6 6. Nxf6+ Nxf6 7. Bd3 Be7
8. O-O O-O 9. c3 b6 10. Ne5 Bb7 11. Qe2 c5 12. Be3 cxd4 13. Bxd4 Qc7 14. h3
Rad8 15. Rad1 Bc5 16. Bxc5 Qxc5 17. Kh1 g6 18. Rfe1 Nh5 19. Qe3 Qe7 20. Be4
Bxe4 21. Qxe4 Rxd1 22. Rxd1 Rd8 23. Rxd8+ Qxd8 24. Qb7 Qf6 25. Nf3 Nf4 26. Qxa7
Qf5 27. Qb8+ Kg7 28. Qe5+ f6 29. Qxf5 gxf5 30. Kg1 Kf7 31. Nd2 Ke7 32. f3 e5
33. h4 Kd6 34. b4 Ne2+ 35. Kf2 Nxc3 36. a4 Nxa4 1/2-1/2

[Event "Szachowe Lato Poznan 2011 "]
[Site "WSUS, Poznan"]
[Date "2011.??.16"]
[Round "1.11"]
[White "Nawrocki, Przemyslaw"]
[Black "Jablonski, Grzegorz"]
[Result "1-0"]
[WhiteElo "2059"]
[BlackElo "1618"]
[PlyCount "75"]
[EventDate "2011.??.??"]

1. d4 Nf6 2. Nf3 d5 3. c4 c6 4. Nc3 e6 5. Bg5 Be7 6. e3 h6 7. Bh4 O-O 8. Qc2
Qa5 9. Bd3 dxc4 10. Bxc4 b5 11. Bd3 Bb7 12. O-O Nbd7 13. Rfd1 Rfe8 14. e4 a6
15. e5 Nd5 16. Bxe7 Nxc3 17. b4 Qa3 18. Rdc1 Rxe7 19. Qxc3 Qxc3 20. Rxc3 Nb6
21. Be4 Rc8 22. Nd2 Rd7 23. Nb3 Nd5 24. Bxd5 exd5 25. Nc5 Re7 26. a4 Rec7 27.
a5 Kf8 28. Rac1 Ke7 29. Nxb7 Rxb7 30. Rxc6 Rxc6 31. Rxc6 Ra7 32. f4 g6 33. Kf2
h5 34. h3 Kd7 35. Rd6+ Ke7 36. Rxd5 Ke6 37. Rd6+ Kf5 38. Kf3 1-0

[Event "Szachowe Lato Poznan 2011 "]
[Site "WSUS, Poznan"]
[Date "2011.??.??"]
[Round "1.13"]
[White "Bajerlein, Dawid"]
[Black "Tuzel, Szymon"]
[Result "1-0"]
[WhiteElo "2016"]
[BlackElo "1571"]
[PlyCount "79"]
[EventDate "2011.??.??"]

1. d4 Nf6 2. Nf3 g6 3. c4 Bg7 4. g3 O-O 5. Bg2 d6 6. Nc3 e5 7. dxe5 dxe5 8.
Qxd8 Rxd8 9. Nxe5 Nbd7 10. Nxd7 Rxd7 11. h3 c6 12. O-O Rd8 13. e4 Re8 14. Be3
Be6 15. b3 Nd7 16. Rac1 f5 17. exf5 gxf5 18. Ne2 Bf7 19. Nf4 Nf6 20. Rfe1 a6
21. Bb6 a5 22. Re3 Ra6 23. Bd4 Ne4 24. Rce1 a4 25. Bxg7 Kxg7 26. Bxe4 axb3 27.
Rxb3 b5 28. cxb5 Rb6 29. Rbb1 Rxe4 30. bxc6 Rxe1+ 31. Rxe1 Rxc6 32. a4 Ra6 33.
Ra1 Ra5 34. Nd3 Be8 35. Nb2 h5 36. Rc1 Bf7 37. Rc4 Be6 38. Kf1 Kf6 39. Rb4 Re5
40. Rb6 1-0

[Event "Szachowe Lato Poznan 2011 "]
[Site "WSUS, Poznan"]
[Date "2011.??.??"]
[Round "1.14"]
[White "Jarmuzek, Karolina"]
[Black "Hemmerling, Jaroslaw"]
[Result "0-1"]
[WhiteElo "1559"]
[BlackElo "1994"]
[PlyCount "74"]
[EventDate "2011.??.??"]

1. e4 Nf6 2. e5 Nd5 3. d4 d6 4. c4 Nb6 5. f4 dxe5 6. fxe5 Nc6 7. Nf3 Bg4 8. Be3
e6 9. Nc3 Bxf3 10. gxf3 Qh4+ 11. Bf2 Qf4 12. c5 Nd7 13. Bb5 Rd8 14. Bxc6 bxc6
15. Bg3 Qe3+ 16. Kf1 Nxc5 17. Bf2 Qd3+ 18. Kg2 Qg6+ 19. Bg3 h5 20. h4 Be7 21.
Ne2 O-O 22. Qd2 Nd3 23. Qc3 Nb4 24. Nf4 Qc2+ 25. Qxc2 Nxc2 26. Rac1 Nxd4 27.
Nxh5 c5 28. Nf4 Nf5 29. Bf2 Rd2 30. Kg1 Rxb2 31. Nd3 Rxa2 32. Nxc5 Rb8 33. Ne4
Rbb2 34. h5 Bg5 35. Nxg5 Rxf2 36. Ne4 Rg2+ 37. Kf1 Ne3+ 0-1

[Event "Szachowe Lato Poznan 2011 "]
[Site "WSUS, Poznan"]
[Date "2011.??.??"]
[Round "1.16"]
[White "Stefanski, Stefan"]
[Black "Kozlowski, Tomasz"]
[Result "0-1"]
[WhiteElo "1503"]
[BlackElo "1958"]
[PlyCount "39"]
[EventDate "2011.??.??"]

1. e4 d5 2. exd5 Nf6 3. d4 Bg4 4. Be2 Bxe2 5. Nxe2 Qxd5 6. f3 Nc6 7. Be3 O-O-O
8. Nf4 Qf5 9. Qe2 Nxd4 10. Bxd4 Rxd4 11. Nd3 Nd5 12. O-O Nf4 13. Nxf4 Qxf4 14.
Nc3 Rd2 15. Qb5 e6 16. Ne4 Rd6 17. Qe8+ Rd8 18. Qb5 f6 19. Nf2 Bd6 20. Rad1 0-1

[Event "Szachowe Lato Poznan 2011 "]
[Site "WSUS, Poznan"]
[Date "2011.??.16"]
[Round "1.17"]
[White "Glatty, Zbigniew"]
[Black "Raczynski, Krzysztof"]
[Result "1-0"]
[WhiteElo "1950"]
[BlackElo "1494"]
[PlyCount "149"]
[EventDate "2011.??.??"]

1. d4 Nf6 2. Nf3 e6 3. c4 b6 4. Nc3 Bb4 5. Qc2 Bb7 6. a3 Bxc3+ 7. Qxc3 d6 8. g3
Nbd7 9. Bg2 O-O 10. O-O c5 11. Rd1 d5 12. b4 cxd4 13. Nxd4 Rc8 14. Nb5 Rxc4 15.
Qb3 Ba6 16. Nd6 Rc6 17. Nxf7 Kxf7 18. b5 Nc5 19. Qb4 Rc7 20. bxa6 Nxa6 21. Qb2
Nc5 22. a4 Rb7 23. Be3 Qd7 24. Qb4 Nce4 25. f3 Nd6 26. Bf4 Nf5 27. Bf1 Qe7 28.
Qxe7+ Nxe7 29. e3 Ng6 30. Bd6 Rd8 31. Ba6 Rbd7 32. Bb4 Ne5 33. Kf2 Rc7 34. Ke2
Rc2+ 35. Rd2 Rxd2+ 36. Bxd2 Rd7 37. Rc1 Ng6 38. Bb5 Rb7 39. Ba6 Rd7 40. Bc8 Re7
41. Bb4 Re8 42. Rc7+ Kg8 43. Ba6 Ra8 44. Bc8 e5 45. h4 Nf8 46. g4 h6 47. Be7
N8h7 48. Bb7 Rb8 49. Bd6 Re8 50. Bc6 Re6 51. Ba3 g5 52. h5 a5 53. Bb5 Ne8 54.
Rc8 Nhf6 55. e4 dxe4 56. Bc4 exf3+ 57. Kxf3 e4+ 58. Ke2 Kf7 59. Rc6 Ng7 60.
Rc7+ Ke8 61. Bxe6 Nxe6 62. Re7+ Kd8 63. Rxe6 Nxg4 64. Rxb6 Kc7 65. Ra6 Kb7 66.
Re6 e3 67. Bf8 Kc7 68. Bxh6 Nxh6 69. Rxh6 g4 70. Rg6 Kd7 71. h6 Ke8 72. h7 Ke7
73. h8=Q g3 74. Qh7+ Ke8 75. Rg8# 1-0

[Event "Szachowe Lato Poznan 2011 "]
[Site "WSUS, Poznan"]
[Date "2011.??.16"]
[Round "1.19"]
[White "Rusinski, Mateusz"]
[Black "Pawlowski, Rafal"]
[Result "1-0"]
[WhiteElo "1899"]
[BlackElo "1462"]
[PlyCount "77"]
[EventDate "2011.??.??"]

1. e4 c6 2. d4 d5 3. exd5 cxd5 4. Nf3 Nf6 5. Bd3 Bg4 6. O-O e6 7. c3 Bd6 8.
Qa4+ Nbd7 9. Ne5 O-O 10. Nxg4 Nxg4 11. h3 Ngf6 12. Nd2 e5 13. dxe5 Nxe5 14. Bc2
Qb6 15. Qh4 Rac8 16. Nb3 Rc4 17. Qg5 Re8 18. Be3 Qc7 19. Nd4 Bc5 20. Nf5 Ng6
21. Rfe1 Ne4 22. Qh5 Re5 23. Qf3 Qd7 24. Nd4 Nh4 25. Qe2 Bb6 26. Rad1 Bxd4 27.
Bxd4 Re6 28. Qg4 Ng6 29. Bxe4 dxe4 30. Rxe4 Rcc6 31. Rxe6 Rxe6 32. Bf6 Qb5 33.
Rd8+ Re8 34. Qc8 gxf6 35. Rxe8+ Kg7 36. Rg8+ Kh6 37. Qe8 Qxb2 38. Qe3+ Kh5 39.
g4+ 1-0

[Event "Szachowe Lato Poznan 2011 "]
[Site "WSUS, Poznan"]
[Date "2011.??.??"]
[Round "1.20"]
[White "Jarmuzek, Jaroslaw"]
[Black "Chojnacki, Tomasz"]
[Result "0-1"]
[WhiteElo "1386"]
[BlackElo "1874"]
[PlyCount "50"]
[EventDate "2011.??.??"]

1. e4 c6 2. d4 d5 3. exd5 cxd5 4. Bd3 Nc6 5. c3 g6 6. Nd2 Nf6 7. Ngf3 Bg7 8.
O-O O-O 9. Ne5 Nxe5 10. dxe5 Ng4 11. f4 Ne3 12. Qb3 Nxf1 13. Nxf1 b6 14. Be3 f6
15. Bd4 fxe5 16. Bxe5 Bxe5 17. fxe5 Bf5 18. Bb5 Be6 19. Rd1 Qc7 20. Ne3 Rad8
21. h3 Qxe5 22. Ng4 Bxg4 23. hxg4 Rf4 24. Rxd5 Qxd5 25. Bc4 Rxc4 0-1

[Event "Szachowe Lato Poznan 2011 "]
[Site "WSUS, Poznan"]
[Date "2011.??.16"]
[Round "1.21"]
[White "Cholewa, Maria"]
[Black "Kostecki, Samuel"]
[Result "1/2-1/2"]
[WhiteElo "1857"]
[BlackElo "1341"]
[PlyCount "98"]
[EventDate "2011.??.??"]

1. e4 c5 2. Nc3 Nc6 3. g3 b6 4. Bg2 Bb7 5. Nf3 Nf6 6. d3 d5 7. exd5 Nxd5 8. Ne4
e6 9. O-O Be7 10. Re1 Nf6 11. Nc3 O-O 12. Bf4 Bd6 13. Qd2 Qb8 14. Bxd6 Qxd6 15.
Nb5 Qd7 16. a3 a6 17. Nc3 Qc7 18. Rad1 Rad8 19. Qc1 Rfe8 20. h3 h6 21. g4 Nd4
22. Nxd4 Rxd4 23. Bxb7 Qxb7 24. Ne2 Rd6 25. Qf4 Red8 26. Qg3 g5 27. h4 Kg7 28.
h5 Qd5 29. f3 Nd7 30. Nc3 Qd4+ 31. Kg2 Qf4 32. Qxf4 gxf4 33. Ne4 Rd5 34. Nc3
Rd6 35. Re4 e5 36. Re2 f6 37. Ne4 Rd4 38. Red2 Nf8 39. Nc3 R4d6 40. b4 cxb4 41.
axb4 Rc6 42. Ne4 Ne6 43. Ra1 b5 44. c3 Kf7 45. Kf2 Ke7 46. Ke2 Nc7 47. Nc5 Kf7
48. Rda2 Ra8 49. Kd2 Ke7 1/2-1/2

[Event "Szachowe Lato Poznan 2011 "]
[Site "WSUS, Poznan"]
[Date "2011.??.??"]
[Round "1.32"]
[White "Rozumek, Krzysztof"]
[Black "Kaluzny, Jacek"]
[Result "1-0"]
[WhiteElo "1929"]
[BlackElo "1552"]
[PlyCount "103"]
[EventDate "2011.??.??"]

1. h3 d5 2. c3 e6 3. d4 f5 4. Bf4 Nf6 5. e3 Bd6 6. Bxd6 Qxd6 7. Ne2 O-O 8. Nd2
Nbd7 9. c4 c6 10. c5 Qe7 11. h4 Ne4 12. f4 Ndf6 13. Nxe4 Nxe4 14. Nc3 Bd7 15.
Be2 Rf6 16. Nxe4 fxe4 17. g4 Rc8 18. Kd2 Qd8 19. Qc2 Qc7 20. b4 a6 21. a4 b5
22. cxb6 Qxb6 23. Qc5 Qxc5 24. bxc5 a5 25. Rab1 Rff8 26. Rb7 Rfd8 27. Rhb1 Kf8
28. Ra7 Ra8 29. Rbb7 Ke8 30. Rxd7 Rxd7 31. Rxa8+ Kf7 32. Rxa5 Rb7 33. Kc2 Ke7
34. Ra6 Rc7 35. Rb6 Kd7 36. a5 Ra7 37. a6 Kc7 38. Rb7+ Rxb7 39. axb7 Kxb7 40.
g5 g6 41. Bg4 Kc7 42. Bxe6 Kd8 43. Bg8 Ke7 44. Bxh7 Kf7 45. f5 gxf5 46. Bxf5
Kg7 47. h5 Kf7 48. h6 Kg8 49. g6 Kh8 50. g7+ Kg8 51. Be6+ Kh7 52. g8=Q+ 1-0

[Event "Szachowe Lato Poznan 2011 "]
[Site "WSUS, Poznan"]
[Date "2011.??.??"]
[Round "1.12"]
[White "Wisniewski, Wieslaw"]
[Black "Stachowiak, Slawomir"]
[Result "0-1"]
[WhiteElo "1597"]
[BlackElo "2023"]
[PlyCount "36"]
[EventDate "2011.??.??"]

1. d4 d5 2. c4 e6 3. Nf3 Nd7 4. Nc3 Ngf6 5. e3 c6 6. Bd3 Bd6 7. c5 Bc7 8. Bd2
e5 9. dxe5 Nxe5 10. Be2 Qe7 11. b4 O-O 12. h3 Re8 13. Qc2 a5 14. Na4 Nxf3+ 15.
Bxf3 d4 16. Nb6 dxe3 17. Bxe3 Bxb6 18. cxb6 Qxb4+ 0-1

[Event "Szachowe Lato Poznan 2011 "]
[Site "WSUS, Poznan"]
[Date "2011.??.??"]
[Round "1.15"]
[White "Wesolowski, Edgar"]
[Black "Lisiecki, Robert"]
[Result "1-0"]
[WhiteElo "1983"]
[BlackElo "1510"]
[PlyCount "43"]
[EventDate "2011.??.??"]

1. c4 Nf6 2. Nc3 c5 3. Nf3 Nc6 4. d4 e6 5. d5 exd5 6. cxd5 Ne7 7. d6 Nf5 8. e4
Nxd6 9. e5 Nde4 10. exf6 Nxc3 11. bxc3 Qxf6 12. Qc2 Be7 13. Bc4 h6 14. O-O O-O
15. Bd5 Rb8 16. Bb2 Qf4 17. Rfe1 Qc7 18. Rxe7 b6 19. Qg6 Qf4 20. c4 Qd4 21.
Nxd4 cxd4 22. Bxd4 1-0

[Event "Szachowe Lato Poznan 2011 "]
[Site "WSUS, Poznan"]
[Date "2011.??.??"]
[Round "1.18"]
[White "Choremska, Zuzanna"]
[Black "Jaskowski, Tadeusz"]
[Result "0-1"]
[WhiteElo "1469"]
[BlackElo "1914"]
[PlyCount "42"]
[EventDate "2011.??.??"]

1. e4 e5 2. Nf3 Nc6 3. Bc4 Bc5 4. c3 Nf6 5. b4 Bb6 6. a4 a6 7. d3 O-O 8. Ba3
Re8 9. Qb3 d5 10. exd5 e4 11. Kd2 exf3 12. dxc6 Re2+ 13. Kd1 Bg4 14. Bxf7+ Kh8
15. g3 Qxd3+ 16. Kc1 Bxf2 17. Bc4 Be3+ 18. Nd2 Qxd2+ 19. Kb1 Bf5+ 20. Bd3 Bxd3+
21. Qc2 Qxc2# 0-1